000 00292nam a22001337a 4500
008 190305b xxu||||| |||| 00| 0 eng d
020 _a2900321542303
041 _aeng
080 _24th
_a510
100 _a36
101 _aMAT
245 _aCollege Algebra
_cRockswold, G
942 _2udc
_cBK
999 _c54533
_d54533